000 00985naa a22003137a 4500
001 BR8803007
003 BR-BrBNA
005 20240918180019.0
007 ta
008 230509b bl.||||| |||| 00| 0 por d
040 _aBR-BrBNA
_bpor
_cBiblioteca Nacional de Agricultura
041 _a(Pt)
072 _aF01; P40
_b0230
090 _aF01 BR8803007
100 1 _aAlfonsi, R.R.
100 1 _aPedro Junior, M.J.
100 1 _aBrumini, O.
100 1 _aBarbieri, V.
245 1 _aCondicoes climaticas para a cana-de-acucar
260 3 _aCampinas, SP (Brasil):
_c1987.
500 _aCana-de-acucar cultivo e utilizacao. v. 1 Campinas, SP (Brasil): 1987. p. 42-55 (BR8803007-AM)F01
650 _aCANA DE ACUCAR
650 _aPLANTIO
650 _aAPTIDAO CLIMATICA
650 _aTEMPERATURA
773 0 _tCana-de-acucar cultivo e utilizacao. v. 1
_wF01 BR8803007
_gCampinas, SP (Brasil), 1987. p. 42-55
909 _a202404
_bLucia
_c55
_dLucia Elande
942 _cAM
_2AGRIS
999 _c319197
_d319197